Grafik Marcel Dúbravec Z našich galérií a atelierov

Bibliographic Details
Main Author: Balák, Štefan, 1944-2014 (Author)
Format: Article
Language:Slovak
PhysicalDescription:Obr. 4.
Subjects:

MARC

LEADER 00000nab a2200000 a 4500
001 vtls000076772
003 SK-MaSNL
005 20260303231521.0
008 111103c1980 xo 0 slo
015 |a SNBRB19rr/mm-uuuuu 
035 |a CL0086873 
040 |a SNKBUCL  |b slo  |c SNKBUCL  |e AACR2 
041 0 |a slo 
044 |a xo  |c SK 
080 |a 75  |2 1981 
080 |a 76  |2 1981 
080 |a 929 Dúbravec, Marcel  |2 1981 
100 1 |a Balák, Štefan,  |d 1944-2014  |4 aut  |9 102338 
245 1 0 |a Grafik Marcel Dúbravec  |b Z našich galérií a atelierov  |c Štefan Balák 
300 |b Obr. 4. 
600 1 7 |a Dúbravec, Marcel,  |d 1948-2006  |2 snkbucl  |9 37515 
655 7 |a články z novín a časopisov  |2 snkbucl  |9 267496 
773 0 |t Príroda a spoločnosť  |g Roč. 29, č. 24 (1980), s. 45-47 
850 |a Slovenská národná knižnica v Martine  |a MTA001 
852 |a SNK  |b KIS3GCP 
958 |a RK 
992 |a RBX 
999 |c 2267167  |d 2269097